Defence Strategy of Pakistan / (Record no. 536426)

000 -LEADER
fixed length control field 00529nam a22001697a 4500
082 ## - DEWEY DECIMAL CLASSIFICATION NUMBER
Classification number 004
100 ## - MAIN ENTRY--PERSONAL NAME
Personal name Muzahir, Raza Habib
245 ## - TITLE STATEMENT
Title Defence Strategy of Pakistan /
Statement of responsibility, etc. Raza Habib Muzahir
260 ## - PUBLICATION, DISTRIBUTION, ETC.
Place of publication, distribution, etc. Islamabad :
Name of publisher, distributor, etc. SEECS - NUST,
Date of publication, distribution, etc. 2003.
300 ## - PHYSICAL DESCRIPTION
Extent Var. p. ;
Dimensions 30cm.
563 ## - BINDING INFORMATION
Binding note HB
650 ## - SUBJECT ADDED ENTRY--TOPICAL TERM
Topical term or geographic name entry element Information Technology-Project Report
700 ## - ADDED ENTRY--PERSONAL NAME
Personal name Dr. Shoaib Ahmed
856 ## - Uniform Resource Identifier
Uniform Resource Identifier <a href="http://10.250.8.41:8080/xmlui/handle/123456789/29709">http://10.250.8.41:8080/xmlui/handle/123456789/29709</a>
942 ## - ADDED ENTRY ELEMENTS (KOHA)
Source of classification or shelving scheme
Koha item type Project Report
700 ## - ADDED ENTRY--PERSONAL NAME
-- 31223
Holdings
Withdrawn status Lost status Source of classification or shelving scheme Damaged status Not for loan Permanent Location Current Location Shelving location Date acquired Full call number Barcode Date last seen Price effective from Koha item type
WITHDRAWN         Central Library (CL) Central Library (CL) Thesis 10/15/2020 004 CL-BP-499 10/15/2020 10/15/2020 Project Report
© 2023 Central Library, National University of Sciences and Technology. All Rights Reserved.